Das Kulmerland um das Jahr 1400 in einer Karte dargestellt und durch historisch-geographische Vorbemerkungen erläutert

Titel: Das Kulmerland um das Jahr 1400 in einer Karte dargestellt und durch historisch-geographische Vorbemerkungen erläutert / G. Henkel
Verfasser:
In: Westpreußischer Geschichtsverein: Zeitschrift des Westpreußischen Geschichtsvereins, Band 16 (1886), Seite 1-36
alle Artikel anzeigen
Veröffentlicht: 1886
Umfang: Kt.
Format: Aufsatz
Sprache: Deutsch
Kein Bild verfügbar
X
Lokale Klassifikation: 33 8 K 81
alg: 13374010
001A    $03004:28-10-05 
001B    $01999:22-11-16 $t00:14:13.000 
001C    $06050:08-11-07 $t19:07:42.000 
001D    $03004:28-10-05 
001U    $0utf8 
001X    $00 
002@    $0Aor 
003@    $0133740102 
007A    $0133740102 $aHEB 
007T    $0Herdhh133740102 
010@    $ager 
011@    $a1886 
021A    $aDas @Kulmerland um das Jahr 1400 in einer Karte dargestellt und durch historisch-geographische Vorbemerkungen erläutert $hG. Henkel 
028A    $7 $8Henkel, G. [Tnd] $9146383818 
031A    $d16 $h1-36 $j1886 
034M    $aKt. 
039B    $aIn $8--Abvc--Westpreußischer Geschichtsverein [Tb1]. Zeitschrift des Westpreußischen Geschichtsvereins. - Danzig : Danziger Verl.-Ges., 1880-1941 $x188600000160000999 $9047259124 
045T    $a9,10 

lok: 13374010 24
101B    $028-10-05 $t08:28:10.000 
101C    $028-10-05 
145Z/01 $a33 8 K 81 
101U    $0utf8 

exp: 13374010 24 1 #EPN
201B/01 $028-10-05 $t08:28:10.000 
201C/01 $028-10-05 
203@/01 $0311564356 
208@/01 $a28-10-05 $br 
209A/01 $aS 3491 $du $f050 $hS 3491 $x00 
209C/01 $aP 6643 $hP 6643 
220C/01 $aHo-Sz 
237A/01 $aKt. fehlt 
247C/01 $8358050-7 Marburg, Bibliothek des Herder-Instituts Marburg $9102600961 
201U/01 $0utf8 

lok: 13374010 78

exp: 13374010 78 1 #EPN
201B/01 $019-04-17 $t19:52:41.000 
201U/01 $0utf8 
203@/01 $0793958393 
208@/01 $a12-11-16 $be 
209A/01 $a/ $f000 $x00 
237A/01 $aweiterführende Signatur(en): Herder-Institut: S 3491 
244Z/01 $2Trx $#Prusy Wschodnie i Zachodnie $8--Trx--Ost- und Westpreußen $x01 $939113373X 
247C/01 $82080>Marburg/Lahn, Herder-Institut, Forschungsbibliothek, Bibliographieportal $9336309341
LEADER 00000caa a22000002c 4500
001 133740102
003 DE-603
005 20161122001413.0
007 tu
008 051028s1886 xx |||| | u00||u|ger c
035 |a (DE-599)HEB133740102 
040 |a DE-603  |b ger  |c DE-603  |d DE-603 
041 |a ger 
084 |a 9,10  |2 ssgn 
100 1 |a Henkel, G.  |0 (DE-603)146383818 
245 0 0 |a ˜Dasœ Kulmerland um das Jahr 1400 in einer Karte dargestellt und durch historisch-geographische Vorbemerkungen erläutert  |c G. Henkel 
264 0 |c 1886 
300 |b Kt. 
773 0 8 |i In  |a Westpreußischer Geschichtsverein  |t Zeitschrift des Westpreußischen Geschichtsvereins  |d Danzig : Danziger Verl.-Ges., 1880-1941  |g Band 16 (1886), Seite 1-36  |w (DE-603)047259124  |w (DE-600)201424-5 
924 0 |9 Mb 50  |a (DE-603)311564356  |b DE-Mb50  |c HES  |d c  |g S 3491 
924 0 |9 2080  |a (DE-603)793958393  |b DE-2080  |c HES  |d d  |g /